The noble scholar, jurist, historian


 His Excellency Dr. Abdul Wahhab bin Ibrahim Abu Sulaiman, may Allah have mercy on him.


 He was born in Umm Al-Qura in the year 1356 AH.

أوراق من حياة الخفاجي : (Record no. 10566)

MARC details
000 -LEADER
fixed length control field 01946cam a2200325 i 4500
003 - CONTROL NUMBER IDENTIFIER
control field OSt
005 - DATE AND TIME OF LATEST TRANSACTION
control field 20250805071830.0
008 - FIXED-LENGTH DATA ELEMENTS--GENERAL INFORMATION
fixed length control field 250802t2013 su o g 000r0bara c
020 ## - INTERNATIONAL STANDARD BOOK NUMBER
International Standard Book Number 9786030125814
024 0# - OTHER STANDARD IDENTIFIER
Standard number or code 00000000301306
040 ## - CATALOGING SOURCE
Original cataloging agency KAC
Language of cataloging ara
Transcribing agency SA-RiAUC
Description conventions rda
082 04 - DEWEY DECIMAL CLASSIFICATION NUMBER
Classification number 811.052009
Assigning agency SA-RiAUC
092 ## - LOCALLY ASSIGNED DEWEY CALL NUMBER (OCLC)
Classification number 920
100 1# - MAIN ENTRY--PERSONAL NAME
Personal name فقندش، علي أحمد،
Dates associated with a name 1957-
Relator term مؤلف.
245 10 - TITLE STATEMENT
Title أوراق من حياة الخفاجي :
Remainder of title كتاب .. ديوان .. ألبوم /
Statement of responsibility, etc. علي أحمد فقندش.
250 ## - EDITION STATEMENT
Edition statement الطبعة الثانية.
264 #1 - PRODUCTION, PUBLICATION, DISTRIBUTION, MANUFACTURE, AND COPYRIGHT NOTICE
Place of production, publication, distribution, manufacture جدة، السعودية :
Name of producer, publisher, distributor, manufacturer علي أحمد فقندش،
Date of production, publication, distribution, manufacture, or copyright notice [2013]
264 #4 - PRODUCTION, PUBLICATION, DISTRIBUTION, MANUFACTURE, AND COPYRIGHT NOTICE
Date of production, publication, distribution, manufacture, or copyright notice ©2013
300 ## - PHYSICAL DESCRIPTION
Extent مجلد :
Other physical details صور ؛
Dimensions 24 × 17 سم
336 ## - CONTENT TYPE
Content type term نص
Content type code txt
Source rdacontent
Materials specified كتاب
337 ## - MEDIA TYPE
Media type term بدون وسيط
Media type code n
Source rdamedia
338 ## - CARRIER TYPE
Carrier type term مجلد
Carrier type code nc
Source rdacarrier
505 0# - FORMATTED CONTENTS NOTE
Formatted contents note المحتويات : شكر وتقديم-تقديم عماد بن عبد الرحمن علي حجازي-استهلال وتعريف-الخفاجي شاعر السلام الملكي .. شاعر الوطن-الخفاجي والشعر الغنائي كسرا احتكار الأدباء-أول حوار معه بعد إعلان التكريم بـ"وسام الملك عبد العزيز"-تكريم واحتفاء-قالوا عنه-نصوص في زملائه-مع وديع الصافي-مع محمد السراج ...-مع علي عبد الستار-مع عمر الطيب-مع عباس إبراهيم ...-نصوص لم تغن-الخفاجي وصافا-خفاجيات ... وموضوعات أخرى.
590 ## - LOCAL NOTE (RLIN)
Local note يتوافر بالمكتبة : مجلد 2.
600 17 - SUBJECT ADDED ENTRY--PERSONAL NAME
Personal name خفاجي، إبراهيم،
Dates associated with a name 1345 هجري-
Source of heading or term aucnm
650 #7 - SUBJECT ADDED ENTRY--TOPICAL TERM
Topical term or geographic name entry element الشعراء العرب
Geographic subdivision السعودية
Form subdivision تراجم
Source of heading or term aucsh
650 #7 - SUBJECT ADDED ENTRY--TOPICAL TERM
Topical term or geographic name entry element الشعر العربي الغنائي
Geographic subdivision السعودية
Chronological subdivision قرن 14 هجري
Source of heading or term aucsh
942 ## - ADDED ENTRY ELEMENTS (KOHA)
Source of classification or shelving scheme Dewey Decimal Classification
Koha item type Books
Suppress in OPAC No
949 ## - LOCAL PROCESSING INFORMATION (OCLC)
a SA-JeALM
d 250802
u mohamedma123
n 1
Holdings
Withdrawn status Lost status Source of classification or shelving scheme Materials specified (bound volume or other part) Damaged status Not for loan Home library Current library Date acquired Total checkouts Full call number Barcode Date last seen Price effective from Koha item type
    Dewey Decimal Classification الجزء الاول     DR AbdElwahab Library DR AbdElwahab Library 08/05/2025   811.052009 ف ق ن 000017240 08/05/2025 08/05/2025 Books